A likely lad / (Record no. 130746)

MARC details
000 -LEADER
fixed length control field 00590nam a22002177a 4500
005 - DATE AND TIME OF LATEST TRANSACTION
control field 20170124110116.0
010 ## - LIBRARY OF CONGRESS CONTROL NUMBER
LC control number 661284
020 ## - INTERNATIONAL STANDARD BOOK NUMBER
Terms of availability 00.00
International Standard Book Number 0001848100
035 ## - SYSTEM CONTROL NUMBER
System control number 661284
037 ## - SOURCE OF ACQUISITION
Source of stock number/acquisition Cen Lib/Ret
040 ## - CATALOGING SOURCE
Original cataloging agency DPL
Language of cataloging EN
082 ## - DEWEY DECIMAL CLASSIFICATION NUMBER
Classification number N
Item number AVE
100 ## - MAIN ENTRY--PERSONAL NAME
Personal name Avery, Gillian
9 (RLIN) 30005
245 ## - TITLE STATEMENT
Title A likely lad /
Statement of responsibility, etc by Gillian Avery
260 ## - PUBLICATION, DISTRIBUTION, ETC. (IMPRINT)
Name of publisher, distributor, etc William Collins Sons
Date of publication, distribution, etc 1971
Place of publication, distribution, etc London
270 ## - ADDRESS
Address St. James's Place
City London
300 ## - PHYSICAL DESCRIPTION
Extent 222p. :
Dimensions 20cm(Hb)
Other physical details ill.
650 ## - SUBJECT ADDED ENTRY--TOPICAL TERM
Topical term or geographic name as entry element Families -- Juvenile fiction
9 (RLIN) 30006
650 ## - SUBJECT ADDED ENTRY--TOPICAL TERM
Topical term or geographic name as entry element England -- Fiction
9 (RLIN) 30007
942 ## - ADDED ENTRY ELEMENTS (KOHA)
Source of classification or shelving scheme Dewey Decimal Classification
Koha item type English Books
Classification part N
Call number suffix AVE
Holdings
Withdrawn status Lost status Damaged status Not for loan Home library Current library Date acquired Source of acquisition Cost, normal purchase price Total Checkouts Full call number Barcode Date last seen Copy number Cost, replacement price Price effective from Koha item type Public note
Written off       Central Library Central Library 10/07/2015 Cen Lib/Ret 0.00   N AVE 661284 10/07/2015 1 0.00 10/07/2015 English Books W/d List No. 6865/5 ; dtd 08/08/2020

© Delhi Public Library
Hit Counter
free hit counter